000 00659nam a2200133Ia 4500
008 160809s9999 xx 000 0 und d
100 _aTing, Tina.
245 _aPREVALENCE, DIAGNOSIS, TREATMENT AND RESEARCH ON AUTISM SPECTRUM DISORDERS (ASD) IN SINGAPORE AND MALAYSIA
245 _cTina Ting Xiang Neik SEGi University Lay Wah Lee Hui Min Low Universiti Sains Malaysia Noel Kok Hwee Chia Arnold Chee Keong Chua Nanyang Technological University.
260 _bInternational Journal of Special Education
260 _c2014
650 _xSPECIAL EDUCATION
856 _uhttp://www.internationaljournalofspecialed.com/issues/IJSE%20ENTIRE%20ISSUE%2029%203.pdf
999 _c300292
_d300292